| 000 | 00476 a2200169 4500 | ||
|---|---|---|---|
| 003 | OSt | ||
| 005 | 20231208104620.0 | ||
| 008 | 231207b |||||||| |||| 00| 0 eng d | ||
| 040 | _coclc | ||
| 082 |
_a894.8121 _bVEE/T |
||
| 100 |
_aVeerankutty _97528 |
||
| 245 |
_aThottuthottu Natakkumpol / _cVeerankutty |
||
| 250 | _a5th ed. | ||
| 260 |
_aKozhikode: _bsmallletters, _c2021. |
||
| 300 | _a146p. | ||
| 942 |
_2ddc _cBK _h894.8121 _iVEE/T _k894.8121 _mVEE/T |
||
| 999 |
_c44047 _d44047 |
||